000 00584nam a2200229 a 4500
001 0001-0966
003 ELIB.Books
008 140916 2010 eng
035 _a(ELIB.Books)0001-1120
092 _a301.2
_bLev
100 _aLevinson, Daniel J.
245 _aThe Seasons of a Man's Life
260 _aNew York
_bBallantine Books
_c1978
300 _a363
_c23.5 Cm
500 _aDr. Yahalaylayla
650 _aAnthropology
856 _nKBTS; Library
_uKBTS; Elib.
942 _2ddc
_cBK
990 _a1
998 _cbat
_e2014-09-16
999 _c10966
_d10966